000 00287nam a22001337a 4500
020 _a186-197-733-6
082 _a823
_bTRU/G
100 _aTRUSS, LYNNE
245 _aGOING LOCO
260 _aLONDON
_bPROFILE BOOKS
_c2004
300 _a244
650 _aNOVEL
_zUNITED KINGDOM
942 _cBK
999 _c4042
_d4042